Normal view
MARC view
- Dogan Ibrahim
Entry Personal Name
001 - CONTROL NUMBER
- control field: 125369
003 - CONTROL NUMBER IDENTIFIER
- control field: NUST
005 - DATE AND TIME OF LATEST TRANSACTION
- control field: 20240827102929.0
008 - FIXED-LENGTH DATA ELEMENTS
- fixed length control field: 240827|| aca||aabn | a|a d
040 ## - CATALOGING SOURCE
- Original cataloging agency: NUST
- Transcribing agency: NUST
100 ## - HEADING--PERSONAL NAME
- Personal name: Dogan Ibrahim
670 ## - SOURCE DATA FOUND
- Source citation: Work cat.: (NUST): Dogan Ibrahim, PIC Basic Programming and Objects , 2001.
